Cargando...

Dravidian architecture 1916 /

Detalles Bibliográficos
Autor Principal: Krishnaswami Aiyangar, S.
Idioma:Undetermined
Publicado: 1916.
LEADER 00391nam a2200121Ia 4500
001 30884
008 170722s9999 xx 000 0 und d
100 |a Krishnaswami Aiyangar, S. 
245 |a Dravidian architecture 1916 / 
260 |c 1916. 
942 |c GEN 
999 |c 37683  |d 37683 
952 |0 0  |1 0  |4 0  |6 NA_21_000000000000000_E6_CR  |7 0  |9 50058  |a LIB  |b LIB  |d 2017-08-12  |o NA21 E6 (CR)  |p 32382  |r 2017-08-12  |w 2017-08-12  |y GEN